Design of a long-lived Mo2C-MoO2@GC-N electrocatalyst by the ambient DC arc plasma for the hydrogen evolution reaction; iScience; Vol. 150

Библиографические подробности
Источник:iScience.— .— Amsterdam: Elsevier Science Publishing Company Inc.
Vol. 150.— 2024.— Article number 110551, 14 p.
Автор-организация: National Research Tomsk Polytechnic University (570)
Другие авторы: Chufarov M., Vasiljeva (Vassilyeva) Yu. Z. Yuliya Zakharovna, Xinyu Zhang, Li S, Pak A. Ya. Aleksandr Yakovlevich, Khan V
Примечания:Title screen
A crucial challenge in hydrogen production through electrolysis is developing inexpensive, earth-abundant, and highly efficient Pt-free electrocatalysts for the hydrogen evolution reaction (HER). Molybdenum carbide is ideal for this application because of its special electrical structure, low cost, and advantageous characteristics. Herein, the long-lived electrocatalysts for HER have been synthesized via the direct current (DC) arc discharge plasma method under ambient air conditions, and the relationship between the properties of materials and catalytic characteristics has been established. The samples differed in the ratio of molybdenum, graphite, and melamine. The sample with the highest proportion of melamine in the initial mixture has Mo2C-MoO2 heterointerfaces, which demonstrates the highest and most stable electrocatalytic activity with the overpotential of 148 mV at 10 mA·cm-2 and Tafel slope of 63 mV·dec−1 in alkaline electrolyte. Meanwhile, the electrodes demonstrated long-lived electrochemical durability for two weeks and investigated the features of forming a stable system for HER
Текстовый файл
AM_Agreement
Язык:английский
Опубликовано: 2024
Предметы:
Online-ссылка:https://doi.org/10.1016/j.isci.2024.110551
Формат: Электронный ресурс Статья
Запись в KOHA:https://koha.lib.tpu.ru/cgi-bin/koha/opac-detail.pl?biblionumber=676096

MARC

LEADER 00000naa0a2200000 4500
001 676096
005 20241031112646.0
090 |a 676096 
100 |a 20241031d2024 k||y0rusy50 ba 
101 0 |a eng 
102 |a NL 
135 |a drcn ---uucaa 
181 0 |a i   |b  e  
182 0 |a b 
183 0 |a cr  |2 RDAcarrier 
200 1 |a Design of a long-lived Mo2C-MoO2@GC-N electrocatalyst by the ambient DC arc plasma for the hydrogen evolution reaction  |f Marian Chufarov, Yuliya Z. Vassilyeva, Xinyu Zhang [et al.] 
203 |a Текст  |b визуальный  |c электронный 
283 |a online_resource  |2 RDAcarrier 
300 |a Title screen 
320 |a References: 81 tit 
330 |a A crucial challenge in hydrogen production through electrolysis is developing inexpensive, earth-abundant, and highly efficient Pt-free electrocatalysts for the hydrogen evolution reaction (HER). Molybdenum carbide is ideal for this application because of its special electrical structure, low cost, and advantageous characteristics. Herein, the long-lived electrocatalysts for HER have been synthesized via the direct current (DC) arc discharge plasma method under ambient air conditions, and the relationship between the properties of materials and catalytic characteristics has been established. The samples differed in the ratio of molybdenum, graphite, and melamine. The sample with the highest proportion of melamine in the initial mixture has Mo2C-MoO2 heterointerfaces, which demonstrates the highest and most stable electrocatalytic activity with the overpotential of 148 mV at 10 mA·cm-2 and Tafel slope of 63 mV·dec−1 in alkaline electrolyte. Meanwhile, the electrodes demonstrated long-lived electrochemical durability for two weeks and investigated the features of forming a stable system for HER 
336 |a Текстовый файл 
371 0 |a AM_Agreement 
461 1 |t iScience  |c Amsterdam  |n Elsevier Science Publishing Company Inc. 
463 1 |t Vol. 150  |v Article number 110551, 14 p.  |d 2024 
610 1 |a электронный ресурс 
610 1 |a труды учёных ТПУ 
610 1 |a catalysis 
610 1 |a electrochemistry 
610 1 |a materials science 
701 1 |a Chufarov  |b M. 
701 1 |a Vasiljeva (Vassilyeva)  |b Yu. Z.  |c specialist in the field of electric power engineering  |c Researcher, Associate Professor of Tomsk Polytechnic University, Candidate of Technical Sciences  |f 1995-  |g Yuliya Zakharovna  |9 22376 
701 0 |a Xinyu Zhang 
701 0 |a Li S 
701 1 |a Pak  |b A. Ya.  |c specialist in the field of electrical engineering  |c Professor of Tomsk Polytechnic University, Doctor of Technical Sciences  |f 1986-  |g Aleksandr Yakovlevich  |9 17660 
701 0 |a Khan V 
712 0 2 |a National Research Tomsk Polytechnic University  |c (2009- )  |9 27197  |4 570 
801 0 |a RU  |b 63413507  |c 20241031 
850 |a 63413507 
856 4 |u https://doi.org/10.1016/j.isci.2024.110551  |z https://doi.org/10.1016/j.isci.2024.110551 
942 |c CR